000 00733nam a2200289Ia 4500
005 20260324124947.0
008 008 260324s9999 xx 000 0 eng d
020 _a9780203861387
037 _aEBOOK
040 _aCRL
040 _beng
040 _cCRL
041 _2eng
041 _aeng
084 _qCRL
100 _aChristian Culas; François Robinne
_91176168
245 0 _aInter-Ethnic Dynamics in Asia
245 0 _bConsidering the Other through Ethnonyms, Territories and Rituals
260 _bTaylor and Francis
260 _c2009
365 _a
365 _b240
856 _uhttp://www.taylorfrancis.com/books/9780203861387
942 _cEBOOK
999 _c1771000
_d1771000